A filharmonikusok második hangversenye gyászünnepéllyel és Baranyi János felléptével

Elmentve itt :
Bibliográfiai részletek
Szerző: Lengyel Vilma
Dokumentumtípus: Cikk
Megjelent: 1926-11-16
Sorozat:Délmagyarország 2 No. 264
Kulcsszavak:Baranyi János, Zenei élet hangverseny Szeged 1926, zeneélet
Online Access:http://dmarchiv.bibl.u-szeged.hu/75861
LEADER 00557nab a2200157 i 4500
001 delm75861
005 20180928084404.0
008 180928s1926 hu o 0|| hun d
040 |a SZTE Délmagyarország Archívum  |b hun 
041 |a hun 
100 1 |a Lengyel Vilma 
245 1 2 |a A filharmonikusok második hangversenye gyászünnepéllyel és Baranyi János felléptével  |h [elektronikus dokumentum] /  |c  Lengyel Vilma 
260 |c 1926-11-16 
300 |a 6 
490 0 |a Délmagyarország  |v 2 No. 264 
695 |a Baranyi János, Zenei élet hangverseny Szeged 1926, zeneélet